000 01481nam a22003017a 4500
005 20220924101445.0
008 220924b ||||| |||| 00| 0 eng d
020 _a9789390252930
040 _cAL
041 _aEnglish
082 _223
_a305.54
_bBANW
100 _aSmitha Banerjee and others
_958425
245 _aWorking Woman:Indian Perspectives on Stereotypes Marginalisation and Empowerment
260 _aNew Delhi
_bBloomsbury Publishing India Pvt.Ltd
_c2020
300 _aix,194 p.
_bPB
_c23x15 cm.
365 _a4177
_b₹560.00
_c
_d₹699.00
_e20%
_f12/09/2022
520 _aThe book navigates the working women's representations, marginalisations and empowerment mapped by Indian scholars from varied disciplines. It is an important and significant intervention in discourses on empowerment and development. It carries invigorating insights as the scholars cast their lens on the working woman engaged in a range of professions such as theatre actor and director, care giver, the nautch girl in colonial India and those working in the informal sector and the formal corporate sector.
650 _aWorking Woman
_958416
650 _afeminist theatre
_958417
650 _agender stereotypes
_958418
650 _aAmbitious women
_958419
650 _askill development
_958420
650 _aurban women
_958421
700 _aBANERJEE (Smita) ed
_958422
700 _aSAKSENA (Shalini) ed
_958423
700 _aAILAWADI (Neeru) ed
_958424
942 _2ddc
_cBK
999 _c224659
_d224659